everything is a lot album songs ( wwatt / will wood ) - Statistics

General Stats
  • This quiz has been taken 19 times
  • The average score is 10 of 13
Answer Stats
Hint Answer % Correct
12. chemical overreaction / compound fracture
88%
13. everything is a lot
88%
3. front street
88%
11. jimmy mushrooms' last drink: bedtime in wayne, nj
88%
6. cover this song (a little bit mine)
81%
4. ¡aikido! (neurotic / erotic)
75%
8. red moon
75%
2. skeleton appreciation day in vestal, ny (bones)
75%
5. white knuckle jerk (where do you get off?)
75%
10. the first step
69%
7. thermodynamic lawyer esq, g.f.d.
69%
1. 6up 5oh cop-out (pro/con)
63%
9. lysergide daydream
56%
No matching quizzes found
Score Distribution
Percent of People with Each Score
Percentile by Number Answered
Your Score History
You have not taken this quiz